| 000 | 00882nam a22002057a 4500 | ||
|---|---|---|---|
| 999 |
_c64103 _d64103 |
||
| 003 | Ge_BSU | ||
| 005 | 20260406172656.0 | ||
| 008 | 260406s2024 ge ||||| |||| 00| 0 geo d | ||
| 020 | _a9789941345678 | ||
| 041 | _ageo | ||
| 080 | _a34(479.22)(09) გ-12 | ||
| 100 |
_aგაბისონია, ლალი _927256 |
||
| 245 |
_aქართული სამართლის ისტორიისა და სამართლის თეორიის პრობლემები / _cლალი გაბისონია. |
||
| 264 |
_aთბილისი : _bმერიდიანი, _c2024. |
||
| 300 |
_a255 გვ. _b21 სმ. |
||
| 504 | _aბიბლიოგრ. თავების ბოლოს | ||
| 653 | _aსამართალი | ||
| 653 | _aსამართლის ისტორია | ||
| 942 |
_2udc _cᲬᲘᲒᲜᲘ |
||